000
00235nam a2200097Ia 4500
001
706135
005
20250826162443.0
008
250824s9999 xx 000 0 und d
245
0
_a
HÜSN Ü AŞK
_c
ŞEYH GALİP
260
_b
DERGAH YAYINLARI
999
_c
706135
_d
706135